[Event "Francophonie-Tch rapid Online"]
[Site "Tornelo"]
[Date "2022.06.04"]
[Round "8.3"]
[White "Mohamed Abderrahim, Taleb Mohamed"]
[Black "Vettese, Nicholas"]
[Result "0-1"]
[WhiteElo "2084"]
[BlackElo "2231"]
[PlyCount "90"]
[GameId "2130307575211066"]
[EventDate "2022.06.04"]
[EventType "team"]
[EventRounds "11"]
[EventCountry "NET"]
[WhiteTeam "MTN"]
[BlackTeam "Kanada"]
[BlackTeamCountry "CAN"]

1. e4 c5 2. c3 Nf6 3. e5 Nd5 4. d4 cxd4 5. Nf3 d6 6. cxd4 Nc6 7. Bc4 Nb6 8. Bb5 a6 9. Bxc6+ bxc6 10. O-O Bg4 11. h3 Bh5 12. g4 Bg6 13. Nc3 e6 14. Bf4 d5 15. Rc1 c5 16. Na4 c4 17. Nc5 h5 18. b3 hxg4 19. hxg4 Nd7 20. bxc4 Nxc5 21. dxc5 Be4 22. Qa4+ Qd7 23. c6 Qc7 24. Nh2 d4 25. c5 Rd8 26. Qxa6 Bxc6 27. Rb1 Ra8 28. Qb6 Qd7 29. Bg5 f6 30. exf6 Qd5 31. f3 Bxc5 32. Qc7 d3+ 33. Kg2 Rxh2+ 34. Qxh2 Rxa2+ 35. Kg3 Rxh2 36. fxg7 Bd6+ 37. Bf4 Bxf4+ 38. Kxf4 Qd6+ 39. Kg5 Qe7+ 40. Kf4 Qc7+ 41. Ke3 Qxg7 42. Rb8+ Kd7 43. Ra1 Qe5+ 44. Kxd3 Qxb8 45. Rd1 Qb3+ 0-1

[Event "Titled Tuesday 2021.04.13"]
[Site "chess.com INT"]
[Date "2021.04.13"]
[Round "2"]
[White "Vettese, Nicholas"]
[Black "Rahul, Srivatshav P"]
[Result "0-1"]
[WhiteElo "2231"]
[BlackElo "2457"]
[PlyCount "54"]
[GameId "2130307587771131"]
[EventDate "2021.04.13"]
[EventType "swiss (blitz)"]
[EventRounds "11"]
[EventCountry "NET"]
[SourceTitle "The Week in Chess 1380"]
[Source "Mark Crowther"]
[SourceDate "2021.04.19"]
[SourceVersion "1"]
[SourceVersionDate "2021.04.19"]
[SourceQuality "2"]

1. e4 c5 2. Nf3 e6 3. d4 cxd4 4. Nxd4 Nc6 5. Nc3 Qc7 6. Be3 a6 7. Qf3 Ne5 8. Qg3 h5 9. h4 b5 10. O-O-O Nf6 11. f4 Neg4 12. e5 b4 13. Na4 Nxe3 14. exf6 Ng4 15. fxg7 Bxg7 16. Be2 Bh6 17. Rhf1 Rg8 18. Kb1 Bb7 19. Qb3 Bd5 20. Qxb4 Ne3 21. Nb6 Rb8 22. Nxd5 Nxd5 23. Qa3 Nc3+ 24. Ka1 Nxd1 25. Bxd1 Rxg2 26. Bxh5 Bg7 27. Nb3 Qxc2 0-1

[Event "Titled Tuesday 2021.04.13"]
[Site "chess.com INT"]
[Date "2021.04.13"]
[Round "3"]
[White "Redzisz, Michal"]
[Black "Vettese, Nicholas"]
[Result "0-1"]
[WhiteElo "2262"]
[BlackElo "2231"]
[PlyCount "70"]
[GameId "2130307587775290"]
[EventDate "2021.04.13"]
[EventType "swiss (blitz)"]
[EventRounds "11"]
[EventCountry "NET"]
[SourceTitle "The Week in Chess 1380"]
[Source "Mark Crowther"]
[SourceDate "2021.04.19"]
[SourceVersion "1"]
[SourceVersionDate "2021.04.19"]
[SourceQuality "2"]

1. f4 Nf6 2. Nf3 c5 3. e3 Nc6 4. b3 g6 5. Bb2 Bg7 6. Bb5 O-O 7. O-O Qc7 8. d3 a6 9. Bxc6 Qxc6 10. Nbd2 d6 11. Qe2 a5 12. a4 b5 13. axb5 Qxb5 14. Ra4 Bd7 15. Rfa1 Ra7 16. Nc4 Rfa8 17. Qe1 Nd5 18. Bxg7 Kxg7 19. f5 Nb4 20. fxg6 hxg6 21. h3 f6 22. Qd2 d5 23. Na3 Qb6 24. Kh2 Bxa4 25. bxa4 Qb8+ 26. Kh1 Rb7 27. Nb5 Rxb5 28. axb5 Qxb5 29. e4 dxe4 30. dxe4 Qc6 31. e5 a4 32. exf6+ exf6 33. c3 Nd5 34. Rd1 Ne7 35. Re1 Kf7 0-1

[Event "North America-ch U20"]
[Site "Charlotte USA"]
[Date "2019.06.26"]
[Round "1.14"]
[White "Vettese, Nicholas"]
[Black "Ramesh, Rahul"]
[Result "1-0"]
[WhiteElo "2247"]
[BlackElo "1828"]
[PlyCount "77"]
[GameId "2129404758038299"]
[EventDate "2019.06.26"]
[EventType "swiss"]
[EventRounds "9"]
[EventCountry "USA"]
[SourceTitle "10 Days #583"]
[Source "ChessMix"]
[SourceDate "2019.07.01"]
[SourceVersion "1"]
[SourceVersionDate "2019.07.01"]
[SourceQuality "1"]

1. e4 {[%emt 0:27:57]} d5 {[%emt 0:00:31]} 2. exd5 {[%emt 0:00:09]} Qxd5 {[%emt 0:00:07]} 3. Nc3 {[%emt 0:00:08]} Qd6 {[%emt 0:00:10]} 4. d4 {[%emt 0:00:08]} c6 {[%emt 0:00:11]} 5. Nge2 {[%emt 0:00:42]} Nf6 {[%emt 0:01:21]} 6. Bf4 {[%emt 0:00:08]} Qd8 {[%emt 0:00:17]} 7. Qd2 {[%emt 0:02:19]} Bf5 {[%emt 0:00:51]} 8. f3 {[%emt 0:03:26]} e6 {[%emt 0:01:51]} 9. g4 {[%emt 0:02:44]} Bg6 {[%emt 0:00:18]} 10. O-O-O {[%emt 0:04:06]} Bd6 {[%emt 0:00:43]} 11. h4 {[%emt 0:06:25]} h6 {[%emt 0:01:01]} 12. Bxd6 {[%emt 0:01:32]} Qxd6 {[%emt 0:00:31]} 13. Nf4 {[%emt 0:00:07]} Bh7 {[%emt 0:01:23]} 14. g5 {[%emt 0:00:37]} Nd5 {[%emt 0:01:58]} 15. Nh5 {[%emt 0:01:58]} Qf8 {[%emt 0:02:57]} 16. Nxd5 {[%emt 0:14:03]} cxd5 {[%emt 0:00:31]} 17. Qa5 {[%emt 0:03:12]} Nc6 {[%emt 0:01:38]} 18. Qc7 {[%emt 0:03:39]} Qe7 {[%emt 0:02:54]} 19. Nxg7+ {[%emt 0:01:12]} Kf8 {[%emt 0:00:25]} 20. Qxe7+ {[%emt 0:02:13]} Nxe7 {[%emt 0:01:04]} 21. Nh5 {[%emt 0:01:25]} Bg6 {[%emt 0:03:18]} 22. Ng3 {[%emt 0:00:34]} hxg5 {[%emt 0:01:24]} 23. hxg5 {[%emt 0:00:09]} Rxh1 {[%emt 0:00:16]} 24. Nxh1 {[%emt 0:00:04]} Nf5 {[%emt 0:00:14]} 25. Bd3 {[%emt 0:15:48]} Kg7 {[%emt 0:06:50]} 26. Nf2 {[%emt 0:08:45]} Rh8 {[%emt 0:01:09]} 27. c3 {[%emt 0:02:15]} Ne3 {[%emt 0:07:12]} 28. Rg1 {[%emt 0:05:57]} Rh2 {[%emt 0:03:53]} 29. Bxg6 {[%emt 0:01:00]} Kxg6 {[%emt 0:03:26]} 30. Nd3 {[%emt 0:01:14]} Nc4 {[%emt 0:04:30]} 31. b3 {[%emt 0:00:27]} Nd6 {[%emt 0:00:26]} 32. Ne5+ {[%emt 0:00:08]} Kf5 {[%emt 0:01:43]} 33. a4 {[%emt 0:03:34]} Rh8 {[%emt 0:04:32]} 34. g6 {[%emt 0:02:36]} f6 {[%emt 0:03:04]} 35. g7 {[%emt 0:00:43]} Rg8 {[%emt 0:00:12]} 36. Ng6 {[%emt 0:00:11]} Nc8 {[%emt 0:01:29]} 37. Nh4+ {[%emt 0:02:57]} Kf4 {[%emt 0:00:34]} 38. Kd2 {[%emt 0:00:22]} e5 {[%emt 0:01:01]} 39. Rg4# {[%emt 0:00:15]} 1-0

[Event "North America-ch U20"]
[Site "Charlotte USA"]
[Date "2019.06.26"]
[Round "2.9"]
[White "Agarwalla, Mohak"]
[Black "Vettese, Nicholas"]
[Result "0-1"]
[WhiteElo "1261"]
[BlackElo "2247"]
[PlyCount "91"]
[GameId "2129404758038309"]
[EventDate "2019.06.26"]
[EventType "swiss"]
[EventRounds "9"]
[EventCountry "USA"]
[SourceTitle "10 Days #583"]
[Source "ChessMix"]
[SourceDate "2019.07.01"]
[SourceVersion "1"]
[SourceVersionDate "2019.07.01"]
[SourceQuality "1"]

1. e4 {[%emt 1:57:52]} c5 {[%emt 0:00:08]} 2. Nf3 {[%emt 0:00:11]} d6 {[%emt 0:00:17]} 3. d4 {[%emt 0:00:17]} cxd4 {[%emt 0:00:10]} 4. Nxd4 {[%emt 0:00:09]} Nf6 {[%emt 0:00:09]} 5. Nc3 {[%emt 0:00:15]} a6 {[%emt 0:00:10]} 6. h3 {[%emt 0:00:09]} e6 {[%emt 0:00:11]} 7. g4 {[%emt 0:00:20]} Nc6 {[%emt 0:01:04]} 8. g5 {[%emt 0:02:33]} Nd7 {[%emt 0:00:08]} 9. h4 {[%emt 0:03:03]} Qb6 {[%emt 0:02:36]} 10. Nxc6 {[%emt 0:01:34]} bxc6 {[%emt 0:01:45]} 11. Bg2 {[%emt 0:02:35]} e5 {[%emt 0:04:47]} 12. O-O {[%emt 0:03:09]} Nc5 {[%emt 0:04:07]} 13. b3 {[%emt 0:05:56]} Ne6 {[%emt 0:00:48]} 14. Be3 {[%emt 0:05:31]} Qc7 {[%emt 0:01:41]} 15. Qd2 {[%emt 0:10:05]} h6 {[%emt 0:04:41]} 16. Ne2 {[%emt 0:13:24]} hxg5 {[%emt 0:01:01]} 17. hxg5 {[%emt 0:00:20]} Be7 {[%emt 0:04:55]} 18. g6 {[%emt 0:09:26]} fxg6 {[%emt 0:04:06]} 19. f4 {[%emt 0:00:47]} Bf6 {[%emt 0:03:33]} 20. Rad1 {[%emt 0:02:37]} exf4 {[%emt 0:00:17]} 21. Nxf4 {[%emt 0:02:01]} Be5 {[%emt 0:00:20]} 22. Nxg6 {[%emt 0:10:56]} Bh2+ {[%emt 0:00:08]} 23. Kh1 {[%emt 0:00:10]} Rh7 {[%emt 0:00:33]} 24. Rf3 {[%emt 0:01:04]} Nf4 {[%emt 0:05:12]} 25. Nxf4 {[%emt 0:08:47]} Bxf4+ {[%emt 0:00:12]} 26. Kg1 {[%emt 0:00:30]} Bh2+ {[%emt 0:00:24]} 27. Kf1 {[%emt 0:03:17]} Bg4 {[%emt 0:00:26]} 28. Qf2 {[%emt 0:01:38]} Bxf3 {[%emt 0:01:15]} 29. Bxf3 {[%emt 0:01:20]} Be5 {[%emt 0:01:17]} 30. Bd4 {[%emt 0:03:20]} Rh2 {[%emt 0:03:25]} 31. Qe3 {[%emt 0:02:05]} Qf7 {[%emt 0:09:40]} 32. Bxe5 {[%emt 0:01:16]} Rh1+ {[%emt 0:00:51]} 33. Kg2 {[%emt 0:01:05]} Rxd1 {[%emt 0:00:24]} 34. Bxd1 {[%emt 0:00:04]} dxe5 {[%emt 0:00:17]} 35. Qc5 {[%emt 0:00:18]} Qg6+ {[%emt 0:01:27]} 36. Kf2 {[%emt 0:01:17]} Qf6+ {[%emt 0:01:38]} 37. Ke1 {[%emt 0:01:02]} Qh4+ {[%emt 0:02:23]} 38. Kf1 {[%emt 0:01:41]} Qf4+ {[%emt 0:08:29]} 39. Kg1 {[%emt 0:00:53]} Qxe4 {[%emt 0:01:34]} 40. c3 {[%emt 0:00:55]} Rd8 {[%emt 0:01:27]} 41. Bh5+ {[%emt 0:00:08]} g6 {[%emt 0:00:09]} 42. Be2 {[%emt 0:01:17]} Qxe2 {[%emt 0:00:33]} 43. Qxc6+ {[%emt 0:00:06]} Ke7 {[%emt 0:00:16]} 44. Qc7+ {[%emt 0:00:20]} Rd7 {[%emt 0:00:07]} 45. Qc5+ {[%emt 0:00:05]} Kf7 {[%emt 0:00:07]} 46. Qc4+ {[%emt 0:00:15]} 0-1

[Event "North America-ch U20"]
[Site "Charlotte USA"]
[Date "2019.06.27"]
[Round "3.2"]
[White "Vettese, Nicholas"]
[Black "Balakrishnan, Praveen"]
[Result "0-1"]
[WhiteElo "2247"]
[BlackElo "2428"]
[PlyCount "104"]
[GameId "2129404758038317"]
[EventDate "2019.06.26"]
[EventType "swiss"]
[EventRounds "9"]
[EventCountry "USA"]
[SourceTitle "10 Days #583"]
[Source "ChessMix"]
[SourceDate "2019.07.01"]
[SourceVersion "1"]
[SourceVersionDate "2019.07.01"]
[SourceQuality "1"]

1. e4 {[%emt 0:00:02]} c5 {[%emt 0:00:58]} 2. Nf3 {[%emt 0:00:11]} Nc6 {[%emt 0:00:06]} 3. d4 {[%emt 0:00:10]} cxd4 {[%emt 0:00:05]} 4. Nxd4 {[%emt 0:00:10]} Nf6 {[%emt 0:00:06]} 5. Nc3 {[%emt 0:00:13]} e5 {[%emt 0:00:05]} 6. Ndb5 {[%emt 0:00:10]} d6 {[%emt 0:00:05]} 7. Bg5 {[%emt 0:00:18]} a6 {[%emt 0:00:06]} 8. Na3 {[%emt 0:00:11]} b5 {[%emt 0:00:08]} 9. Nd5 {[%emt 0:00:11]} Be7 {[%emt 0:00:07]} 10. Bxf6 {[%emt 0:00:08]} Bxf6 {[%emt 0:00:04]} 11. c4 {[%emt 0:00:14]} b4 {[%emt 0:00:06]} 12. Nc2 {[%emt 0:00:08]} a5 {[%emt 0:00:11]} 13. g3 {[%emt 0:00:32]} O-O {[%emt 0:00:10]} 14. Bg2 {[%emt 0:01:58]} Bg5 {[%emt 0:00:12]} 15. O-O {[%emt 0:00:54]} Ne7 {[%emt 0:00:07]} 16. Nde3 {[%emt 0:00:15]} Qb6 {[%emt 0:01:24]} 17. Qd3 {[%emt 0:02:23]} Rd8 {[%emt 0:14:56]} 18. Rad1 {[%emt 0:07:50]} a4 {[%emt 0:16:26]} 19. b3 {[%emt 0:08:31]} Bxe3 {[%emt 0:10:37]} 20. Nxe3 {[%emt 0:16:02]} Nc6 {[%emt 0:02:15]} 21. Nf5 {[%emt 0:14:44]} axb3 {[%emt 0:20:04]} 22. axb3 {[%emt 0:00:44]} Ra3 {[%emt 0:06:01]} 23. Qe3 {[%emt 0:13:50]} Qxe3 {[%emt 0:02:08]} 24. fxe3 {[%emt 0:00:09]} Rxb3 {[%emt 0:02:30]} 25. c5 {[%emt 0:00:19]} Ba6 {[%emt 0:04:40]} 26. cxd6 {[%emt 0:10:21]} Kf8 {[%emt 0:03:51]} 27. Rf2 {[%emt 0:00:52]} Rc3 {[%emt 0:03:46]} 28. Ra2 {[%emt 0:03:09]} Bc4 {[%emt 0:02:35]} 29. Rad2 {[%emt 0:01:31]} b3 {[%emt 0:02:45]} 30. Ne7 {[%emt 0:07:27]} Nb4 {[%emt 0:00:18]} 31. Bf1 {[%emt 0:01:55]} Be6 {[%emt 0:01:17]} 32. Nd5 {[%emt 0:02:55]} Bxd5 {[%emt 0:01:26]} 33. exd5 {[%emt 0:00:07]} Rxe3 {[%emt 0:00:07]} 34. Rb2 {[%emt 0:00:55]} Rc3 {[%emt 0:00:38]} 35. Rdb1 {[%emt 0:01:03]} Rxd6 {[%emt 0:00:58]} 36. Bg2 {[%emt 0:00:54]} Ke7 {[%emt 0:01:08]} 37. Rxb3 {[%emt 0:00:48]} Rxb3 {[%emt 0:00:04]} 38. Rxb3 {[%emt 0:00:10]} Nxd5 {[%emt 0:00:04]} 39. Rb5 {[%emt 0:00:51]} Ke6 {[%emt 0:00:07]} 40. Bh3+ {[%emt 0:00:12]} Kf6 {[%emt 0:00:06]} 41. Rb7 {[%emt 0:00:26]} Nc3 {[%emt 0:02:13]} 42. Bd7 {[%emt 0:00:55]} Ne4 {[%emt 0:01:15]} 43. Bg4 {[%emt 0:01:39]} Rd2 {[%emt 0:01:13]} 44. Bh5 {[%emt 0:00:28]} Nd6 {[%emt 0:00:48]} 45. Ra7 {[%emt 0:00:26]} e4 {[%emt 0:00:13]} 46. h3 {[%emt 0:00:41]} g6 {[%emt 0:00:51]} 47. Bg4 {[%emt 0:00:13]} h5 {[%emt 0:00:23]} 48. Bd7 {[%emt 0:00:09]} e3 {[%emt 0:00:24]} 49. Kf1 {[%emt 0:01:10]} Ne4 {[%emt 0:00:39]} 50. Be8 {[%emt 0:00:22]} Nxg3+ {[%emt 0:00:26]} 51. Ke1 {[%emt 0:00:14]} Rb2 {[%emt 0:00:21]} 52. Rxf7+ {[%emt 0:00:29]} Ke6 {[%emt 0:00:23]} 0-1

[Event "North America-ch U20"]
[Site "Charlotte USA"]
[Date "2019.06.27"]
[Round "4.8"]
[White "Su, Kenneth"]
[Black "Vettese, Nicholas"]
[Result "1/2-1/2"]
[WhiteElo "1888"]
[BlackElo "2247"]
[PlyCount "89"]
[GameId "2129404758038338"]
[EventDate "2019.06.26"]
[EventType "swiss"]
[EventRounds "9"]
[EventCountry "USA"]
[SourceTitle "10 Days #583"]
[Source "ChessMix"]
[SourceDate "2019.07.01"]
[SourceVersion "1"]
[SourceVersionDate "2019.07.01"]
[SourceQuality "1"]

1. e4 {[%emt 2:03:26]} c5 {[%emt 0:00:12]} 2. Nf3 {[%emt 0:00:11]} d6 {[%emt 0:00:08]} 3. d4 {[%emt 0:00:03]} cxd4 {[%emt 0:00:08]} 4. Nxd4 {[%emt 0:00:04]} Nf6 {[%emt 0:00:13]} 5. Nc3 {[%emt 0:00:07]} a6 {[%emt 0:00:23]} 6. Bg5 {[%emt 0:00:10]} Nbd7 {[%emt 0:00:22]} 7. Qe2 {[%emt 0:00:16]} Qa5 {[%emt 0:00:49]} 8. Bd2 {[%emt 0:00:15]} Qb6 {[%emt 0:01:26]} 9. Nb3 {[%emt 0:00:25]} e6 {[%emt 0:01:39]} 10. g4 {[%emt 0:00:15]} h6 {[%emt 0:00:42]} 11. h4 {[%emt 0:00:05]} Qc7 {[%emt 0:01:12]} 12. f4 {[%emt 0:02:36]} g6 {[%emt 0:04:09]} 13. Bg2 {[%emt 0:00:56]} Rb8 {[%emt 0:01:07]} 14. a4 {[%emt 0:05:33]} e5 {[%emt 0:07:49]} 15. g5 {[%emt 0:16:05]} Nh5 {[%emt 0:01:14]} 16. Qf3 {[%emt 0:06:38]} Nxf4 {[%emt 0:03:49]} 17. Bxf4 {[%emt 0:00:07]} exf4 {[%emt 0:00:13]} 18. Qxf4 {[%emt 0:10:29]} hxg5 {[%emt 0:07:00]} 19. Qxg5 {[%emt 0:00:54]} Be7 {[%emt 0:07:45]} 20. Nd5 {[%emt 0:09:07]} Qd8 {[%emt 0:00:09]} 21. Nxe7 {[%emt 0:00:08]} Qxe7 {[%emt 0:00:09]} 22. O-O-O {[%emt 0:01:02]} Ne5 {[%emt 0:00:54]} 23. Qd2 {[%emt 0:05:23]} Bd7 {[%emt 0:10:45]} 24. a5 {[%emt 0:07:01]} Rh5 {[%emt 0:23:57]} 25. Qxd6 {[%emt 0:01:32]} Qxd6 {[%emt 0:00:05]} 26. Rxd6 {[%emt 0:00:04]} Ke7 {[%emt 0:00:15]} 27. Rd4 {[%emt 0:07:08]} Rbh8 {[%emt 0:01:41]} 28. Nc5 {[%emt 0:01:45]} Bc8 {[%emt 0:01:46]} 29. Rd5 {[%emt 0:02:23]} f6 {[%emt 0:06:12]} 30. Nd3 {[%emt 0:06:22]} Nxd3+ {[%emt 0:02:17]} 31. cxd3 {[%emt 0:00:08]} Rxh4 {[%emt 0:01:59]} 32. Rxh4 {[%emt 0:01:01]} Rxh4 {[%emt 0:00:08]} 33. Rc5 {[%emt 0:00:06]} Kd8 {[%emt 0:04:40]} 34. Rc2 {[%emt 0:00:18]} Bd7 {[%emt 0:04:22]} 35. b3 {[%emt 0:04:53]} Bb5 {[%emt 0:02:10]} 36. Kd2 {[%emt 0:01:16]} Rh2 {[%emt 0:00:54]} 37. Ke3 {[%emt 0:00:25]} Kd7 {[%emt 0:00:58]} 38. e5 {[%emt 0:03:52]} Ke7 {[%emt 0:00:06]} 39. exf6+ {[%emt 0:00:20]} Kxf6 {[%emt 0:00:07]} 40. Rf2+ {[%emt 0:00:12]} Ke7 {[%emt 0:00:38]} 41. Bxb7 {[%emt 0:00:40]} Rxf2 {[%emt 0:00:30]} 42. Kxf2 {[%emt 0:00:02]} Bxd3 {[%emt 0:00:13]} 43. Ke3 {[%emt 0:00:11]} Bf1 {[%emt 0:00:23]} 44. Be4 {[%emt 0:05:16]} g5 {[%emt 0:00:32]} 45. Kf2 {[%emt 0:00:37]} 1/2-1/2

[Event "North America-ch U20"]
[Site "Charlotte USA"]
[Date "2019.06.28"]
[Round "5.10"]
[White "Vettese, Nicholas"]
[Black "Liang, Justin"]
[Result "1-0"]
[WhiteElo "2247"]
[BlackElo "2020"]
[PlyCount "49"]
[GameId "2129404758058835"]
[EventDate "2019.06.26"]
[EventType "swiss"]
[EventRounds "9"]
[EventCountry "USA"]
[SourceTitle "10 Days #583"]
[Source "ChessMix"]
[SourceDate "2019.07.01"]
[SourceVersion "1"]
[SourceVersionDate "2019.07.01"]
[SourceQuality "1"]

1. e4 {[%emt 15:58:19]} c5 {[%emt 0:00:10]} 2. Nf3 {[%emt 0:00:06]} e6 {[%emt 0:00:03]} 3. d4 {[%emt 0:00:09]} cxd4 {[%emt 0:00:06]} 4. Nxd4 {[%emt 0:00:07]} Nc6 {[%emt 0:00:08]} 5. Nc3 {[%emt 0:00:08]} Qc7 {[%emt 0:00:10]} 6. Be3 {[%emt 0:00:08]} a6 {[%emt 0:00:06]} 7. Qf3 {[%emt 0:00:30]} Nf6 {[%emt 0:01:25]} 8. O-O-O {[%emt 0:00:53]} Be7 {[%emt 0:02:53]} 9. Be2 {[%emt 0:05:20]} d6 {[%emt 0:02:12]} 10. g4 {[%emt 0:08:54]} Nxd4 {[%emt 0:20:48]} 11. Rxd4 {[%emt 0:00:18]} e5 {[%emt 0:05:22]} 12. Rc4 {[%emt 0:00:18]} Qa5 {[%emt 0:04:38]} 13. g5 {[%emt 0:05:40]} Bg4 {[%emt 0:04:06]} 14. Qg2 {[%emt 0:00:30]} Bxe2 {[%emt 0:00:20]} 15. Ra4 {[%emt 0:00:38]} Qc7 {[%emt 0:00:53]} 16. gxf6 {[%emt 0:00:40]} Bxf6 {[%emt 0:00:08]} 17. Nxe2 {[%emt 0:00:36]} b5 {[%emt 0:00:03]} 18. Rb4 {[%emt 0:04:58]} Rb8 {[%emt 0:00:57]} 19. Nc3 {[%emt 0:00:20]} Qc6 {[%emt 0:00:10]} 20. Nd5 {[%emt 0:00:24]} a5 {[%emt 0:00:12]} 21. Rb3 {[%emt 0:00:15]} b4 {[%emt 0:00:28]} 22. Kb1 {[%emt 0:01:13]} Qc4 {[%emt 0:00:29]} 23. c3 {[%emt 0:01:34]} a4 {[%emt 0:01:15]} 24. Rxb4 {[%emt 0:00:21]} Rxb4 {[%emt 0:00:03]} 25. cxb4 {[%emt 0:00:19]} 1-0

[Event "North America-ch U20"]
[Site "Charlotte USA"]
[Date "2019.06.28"]
[Round "6.6"]
[White "Peng, David"]
[Black "Vettese, Nicholas"]
[Result "0-1"]
[WhiteElo "2287"]
[BlackElo "2247"]
[PlyCount "86"]
[GameId "2129404758058846"]
[EventDate "2019.06.26"]
[EventType "swiss"]
[EventRounds "9"]
[EventCountry "USA"]
[SourceTitle "10 Days #583"]
[Source "ChessMix"]
[SourceDate "2019.07.01"]
[SourceVersion "1"]
[SourceVersionDate "2019.07.01"]
[SourceQuality "1"]

1. e4 {[%emt 1:51:21]} c5 {[%emt 0:00:08]} 2. Nf3 {[%emt 0:00:03]} d6 {[%emt 0:00:12]} 3. d4 {[%emt 0:00:02]} cxd4 {[%emt 0:00:10]} 4. Nxd4 {[%emt 0:00:02]} Nf6 {[%emt 0:00:12]} 5. Nc3 {[%emt 0:00:03]} a6 {[%emt 0:00:08]} 6. Nb3 {[%emt 0:00:02]} Nbd7 {[%emt 0:00:09]} 7. a4 {[%emt 0:01:08]} Qc7 {[%emt 0:01:30]} 8. a5 {[%emt 0:05:19]} e6 {[%emt 0:11:14]} 9. Be2 {[%emt 0:00:59]} Be7 {[%emt 0:03:03]} 10. O-O {[%emt 0:00:07]} O-O {[%emt 0:00:45]} 11. Be3 {[%emt 0:01:26]} Nc5 {[%emt 0:05:57]} 12. Nxc5 {[%emt 0:11:38]} dxc5 {[%emt 0:00:06]} 13. f4 {[%emt 0:00:36]} Rd8 {[%emt 0:00:36]} 14. Qe1 {[%emt 0:00:21]} Bd7 {[%emt 0:04:29]} 15. Kh1 {[%emt 0:01:22]} Bc6 {[%emt 0:05:46]} 16. Bf3 {[%emt 0:04:02]} b5 {[%emt 0:09:44]} 17. axb6 {[%emt 0:05:48]} Qxb6 {[%emt 0:00:07]} 18. Rb1 {[%emt 0:02:35]} Qb7 {[%emt 0:02:24]} 19. Bg1 {[%emt 0:09:48]} Rab8 {[%emt 0:09:53]} 20. Qe2 {[%emt 0:08:04]} a5 {[%emt 0:09:24]} 21. b3 {[%emt 0:03:48]} Nd7 {[%emt 0:03:46]} 22. e5 {[%emt 0:05:12]} Nb6 {[%emt 0:05:55]} 23. Ra1 {[%emt 0:02:05]} Nd5 {[%emt 0:02:39]} 24. Nxd5 {[%emt 0:01:10]} exd5 {[%emt 0:00:15]} 25. f5 {[%emt 0:07:31]} Ra8 {[%emt 0:03:42]} 26. f6 {[%emt 0:01:03]} gxf6 {[%emt 0:01:01]} 27. Bh5 {[%emt 0:03:26]} Kh8 {[%emt 0:02:45]} 28. exf6 {[%emt 0:04:15]} Bd6 {[%emt 0:01:04]} 29. Be3 {[%emt 0:02:06]} Rg8 {[%emt 0:00:22]} 30. Bh6 {[%emt 0:01:50]} Bf8 {[%emt 0:00:08]} 31. Bxf8 {[%emt 0:02:18]} Raxf8 {[%emt 0:00:25]} 32. Bf3 {[%emt 0:05:14]} Ra8 {[%emt 0:06:48]} 33. Qe5 {[%emt 0:02:25]} c4 {[%emt 0:03:01]} 34. Rab1 {[%emt 0:03:19]} cxb3 {[%emt 0:00:55]} 35. Rxb3 {[%emt 0:00:22]} Qd7 {[%emt 0:00:35]} 36. Qd4 {[%emt 0:03:36]} a4 {[%emt 0:00:46]} 37. Re3 Qa7 {[%emt 0:01:09]} 38. Qd2 {[%emt 0:00:21]} Rae8 {[%emt 0:01:12]} 39. Re7 {[%emt 0:00:13]} Rxe7 {[%emt 0:00:50]} 40. fxe7 Qc5 {[%emt 0:02:16]} 41. Bh5 {[%emt 0:00:05]} d4 {[%emt 0:00:44]} 42. Bxf7 {[%emt 0:00:06]} Rxg2 {[%emt 0:00:19]} 43. e8=Q+ {[%emt 0:02:45]} Rg8+ {[%emt 0:00:07]} 0-1

[Event "North America-ch U20"]
[Site "Charlotte USA"]
[Date "2019.06.29"]
[Round "7.3"]
[White "Vettese, Nicholas"]
[Black "Wang, Annie"]
[Result "1/2-1/2"]
[WhiteElo "2247"]
[BlackElo "2334"]
[PlyCount "102"]
[GameId "2129404758058858"]
[EventDate "2019.06.26"]
[EventType "swiss"]
[EventRounds "9"]
[EventCountry "USA"]
[SourceTitle "10 Days #583"]
[Source "ChessMix"]
[SourceDate "2019.07.01"]
[SourceVersion "1"]
[SourceVersionDate "2019.07.01"]
[SourceQuality "1"]

1. e4 {[%emt 0:00:01]} c5 {[%emt 0:00:09]} 2. Nf3 {[%emt 0:00:14]} d6 {[%emt 0:00:07]} 3. d4 {[%emt 0:00:07]} cxd4 {[%emt 0:00:06]} 4. Nxd4 {[%emt 0:00:10]} Nf6 {[%emt 0:00:06]} 5. Nc3 {[%emt 0:00:18]} Nc6 {[%emt 0:00:09]} 6. Bg5 {[%emt 0:00:31]} e6 {[%emt 0:00:12]} 7. Qd2 {[%emt 0:00:09]} a6 {[%emt 0:00:11]} 8. f3 {[%emt 0:00:23]} Bd7 {[%emt 0:01:42]} 9. O-O-O {[%emt 0:00:23]} Nxd4 {[%emt 0:00:17]} 10. Qxd4 {[%emt 0:00:09]} Be7 {[%emt 0:00:07]} 11. g4 {[%emt 0:00:52]} b5 {[%emt 0:01:23]} 12. Be3 {[%emt 0:05:01]} O-O {[%emt 0:02:31]} 13. g5 {[%emt 0:03:20]} Nh5 {[%emt 0:02:27]} 14. f4 {[%emt 0:08:31]} Qa5 {[%emt 0:10:28]} 15. e5 {[%emt 0:16:00]} d5 {[%emt 0:21:26]} 16. Be2 {[%emt 0:05:40]} b4 {[%emt 0:01:31]} 17. Ne4 {[%emt 0:02:11]} Bb5 {[%emt 0:10:24]} 18. Bxh5 {[%emt 0:10:10]} dxe4 {[%emt 0:00:19]} 19. Kb1 {[%emt 0:00:49]} Rfc8 {[%emt 0:02:02]} 20. Qb6 {[%emt 0:06:01]} Qxb6 {[%emt 0:00:07]} 21. Bxb6 {[%emt 0:00:09]} a5 {[%emt 0:02:40]} 22. Rhe1 {[%emt 0:03:03]} Bc6 {[%emt 0:00:15]} 23. Bg4 {[%emt 0:01:56]} a4 {[%emt 0:04:24]} 24. Bh3 {[%emt 0:03:14]} b3 {[%emt 0:05:15]} 25. cxb3 {[%emt 0:01:42]} axb3 {[%emt 0:00:11]} 26. a3 {[%emt 0:02:23]} Bb5 {[%emt 0:08:31]} 27. Rxe4 {[%emt 0:05:16]} Rc2 {[%emt 0:00:25]} 28. Bf1 {[%emt 0:03:36]} Bxf1 {[%emt 0:01:31]} 29. Rxf1 {[%emt 0:00:06]} Rb8 {[%emt 0:01:12]} 30. Ba7 {[%emt 0:03:07]} Rd8 {[%emt 0:04:15]} 31. Re3 {[%emt 0:00:40]} Rf2 {[%emt 0:01:23]} 32. Ree1 {[%emt 0:04:34]} Rxh2 {[%emt 0:00:54]} 33. Rf3 {[%emt 0:00:24]} Re2 {[%emt 0:02:09]} 34. Ref1 {[%emt 0:01:03]} f6 {[%emt 0:04:20]} 35. exf6 {[%emt 0:01:42]} gxf6 {[%emt 0:00:08]} 36. Rxb3 {[%emt 0:00:27]} fxg5 {[%emt 0:02:01]} 37. fxg5 {[%emt 0:01:09]} Bxg5 {[%emt 0:00:53]} 38. a4 {[%emt 0:03:18]} Ra8 {[%emt 0:07:17]} 39. Rb8+ {[%emt 0:01:00]} Rxb8 {[%emt 0:00:06]} 40. Bxb8 {[%emt 0:00:04]} Be3 {[%emt 0:00:33]} 41. Rd1 {[%emt 0:02:51]} Bb6 {[%emt 0:03:01]} 42. Rd6 {[%emt 0:03:05]} Bc5 {[%emt 0:01:28]} 43. Rd8+ {[%emt 0:04:10]} Kf7 {[%emt 0:00:05]} 44. a5 {[%emt 0:00:07]} Ke7 {[%emt 0:00:47]} 45. Rh8 {[%emt 0:00:12]} Rxb2+ {[%emt 0:02:00]} 46. Kxb2 {[%emt 0:00:11]} Bd4+ {[%emt 0:00:04]} 47. Kb3 {[%emt 0:00:44]} Bxh8 {[%emt 0:00:05]} 48. a6 {[%emt 0:01:43]} Bd4 {[%emt 0:00:05]} 49. Kc4 {[%emt 0:00:08]} Bg1 {[%emt 0:00:53]} 50. a7 {[%emt 0:00:55]} Bxa7 {[%emt 0:00:05]} 51. Bxa7 {[%emt 0:00:07]} h5 {[%emt 0:00:10]} 1/2-1/2